[Event "74th RUS-ch Superfinal 2021"]
[Site "Ufa"]
[Date "2021.10.18"]
[Round "9.6"]
[White "Fedoseev, Vladimir"]
[Black "Goryachkina, Aleksandra"]
[Result "1/2-1/2"]
[WhiteElo "2704"]
[BlackElo "2602"]
[Annotator "TA"]
[PlyCount "99"]
[EventDate "2021.10.09"]
[EventType "tourn"]
[EventCountry "RUS"]
[SourceTitle "playchess.com"]
[Source "ChessBase"]
[SourceQuality "1"]

{[%evp 9,99,0,10,22,10,0,0,0,5,-42,-6,0,0,-2,0,0,0,0,4,-8,-2,-8,0,-44,-45,-31,-36,-10,-7,-22,0,-18,-27,-32,0,0,0,-29,18,0,0,-27,-8,-146,-158,-147,0,-13,0,0,0,-52,0,-13,0,0,10,-60,-41,-110,-70,-143,-140,-139,-119,-154,-142,-142,-133,-117,-123,-97,-105,-102,-51,-52,-57,-51,-70,-76,-31,-93,0,0,0,-114,0,0,0,0,0,0]} 1. Nf3 d5 2. c4 c6 3. e3 Nf6 4. Qc2 g6 5. b3 Bg7 6. Bb2 {A11: English Opening: 1...c6.} O-O 7. d3 b6 8. Nbd2 Bb7 {[#]} 9. g3 $146 ({Predecessor:} 9. Be2 c5 10. cxd5 Qxd5 11. O-O Nc6 12. a3 Rac8 13. Rac1 Rfd8 14. Qb1 Ne8 15. Bxg7 Nxg7 16. b4 cxb4 17. axb4 Ba6 {½-½ (17) Jean,O (2187)-Savchenko,S (2512) Marseille 2005}) 9... Nbd7 10. Bg2 Re8 11. d4 c5 12. O-O cxd4 13. exd4 Rc8 14. Rac1 Rc7 15. Rfe1 Qa8 16. Ba3 dxc4 17. bxc4 e6 18. Qd1 Rcc8 19. Bb2 Nb8 20. Re3 Rcd8 21. Qe2 Nc6 22. Bh3 h6 23. Nb3 g5 24. Ne1 h5 25. f3 a5 {[%cal Ba7a5,Ba5a4][%mdl 32] Threatens to win with ...a4.} 26. Rd1 (26. a4 $11 {remains equal.}) 26... a4 $17 27. Na1 Nh7 (27... Ba6 $17 {...Na5 is the strong threat.} 28. Nac2 Qc8) 28. Nac2 $11 Ne7 29. Ba3 Ng6 30. Red3 (30. Rb1 $11) 30... f5 ({Black should play} 30... Qb8 $15) 31. f4 g4 $1 {[%cal Rg4h3]} 32. Bg2 Nf6 33. Bxb7 (33. Bb2 $11) 33... Qxb7 $15 34. Rb1 ({White should try} 34. Re3 $15) 34... h4 35. Ng2 (35. c5 $15) 35... hxg3 $17 36. hxg3 Ne4 37. Bc5 {[#]} Rb8 $1 (37... Nxc5 38. dxc5 Rxd3 39. Qxd3 $15) 38. Re3 Qc6 39. Rxe4 Qxe4 ({Not} 39... fxe4 40. Ba3 $11) 40. Qxe4 fxe4 41. Bd6 Rbc8 (41... Rbd8 $17 42. Rxb6 Ne7) 42. Nge3 $15 Rc6 43. c5 bxc5 44. dxc5 Bf8 45. Bxf8 (45. Nc4 $1 $15) 45... Nxf8 (45... Kxf8 $17 46. Rb5 Rd8) 46. Nxg4 $11 Nh7 {Hoping for ...Rd8.} 47. Rb7 {[#]} (47. Nd4 $11 Rxc5 48. Rb7) 47... Rxc5 (47... Rd8 $1 $17 48. Nb4 (48. Nh6+ Kf8 $17) 48... Rxc5) 48. Nh6+ {The position is equal.} Kh8 49. Nf7+ Kg8 50. Nh6+ {Weighted Error Value: White=0.26/Black=0.20} 1/2-1/2

[Event "74th RUS-ch Superfinal 2021"]
[Site "Ufa"]
[Date "2021.10.19"]
[Round "10.1"]
[White "Matlakov, Maxim"]
[Black "Goryachkina, Aleksandra"]
[Result "1-0"]
[WhiteElo "2682"]
[BlackElo "2602"]
[Annotator "TA"]
[PlyCount "111"]
[EventDate "2021.10.09"]
[EventType "tourn"]
[EventCountry "RUS"]
[SourceTitle "playchess.com"]
[Source "ChessBase"]
[SourceQuality "1"]

{[%evp 9,111,8,11,4,5,25,22,2,2,0,0,0,0,0,0,0,0,0,0,0,0,0,15,22,18,0,11,0,38,39,41,36,51,55,54,54,54,39,47,47,43,37,36,23,35,27,42,43,50,50,65,33,63,66,72,30,74,72,83,38,38,0,134,135,181,177,229,128,227,110,107,0,229,210,201,119,206,237,177,220,341,334,334,343,322,309,457,455,408,412,385,308,537,539,803,820,819,790,870,879,1394,991,770,728]} 1. e4 e5 2. Nf3 Nc6 3. Bb5 Nf6 4. d3 Bc5 5. c3 d5 6. exd5 {C65: Ruy Lopez: Berlin Defence (3...Nf6), unusual lines and 4 0-0 Bc5.} Qxd5 7. Bc4 Qd6 8. Nbd2 {The position is equal.} Bf5 9. b4 Bb6 10. Ng5 O-O 11. Nde4 Nxe4 12. dxe4 Qxd1+ 13. Kxd1 Bg4+ {[#]} 14. Kc2 $5 $146 {[%mdl 8] An interesting novelty.} ({Predecessor:} 14. f3 Bd7 15. a4 h6 16. a5 hxg5 17. Bxg5 Bxa5 18. bxa5 b6 19. Bd5 Nxa5 20. Be7 {½-½ (50) Kollars,D (2607)-Heimann,A (2599) Dortmund 2021}) 14... h6 ({But not} 14... Bxf2 $6 15. Rf1 $16) 15. Nf3 Bxf3 (15... Bxf2 {feels hotter.} 16. Rf1 Bb6 17. a4 a6 18. Nh4 Be6) 16. gxf3 Bxf2 17. Rf1 Bh4 18. a4 a5 19. b5 {[%mdl 1024] White has compensation.} Nd8 20. f4 Re8 21. f5 $1 b6 22. Rg1 Kf8 23. Be3 Nb7 24. Bd5 Rab8 25. Rg4 Bf6 26. Rd1 Red8 27. Rg2 Ke7 28. Bc1 Bg5 29. Ba3+ Kf6 30. Rg4 Nd6 31. c4 Be3 32. Bb2 Bc5 33. Bc3 Ne8 34. Be1 {Bh4+ is the strong threat.} Ke7 $1 35. Bc3 Bd6 (35... Kf6 $11) 36. Rdg1 $16 Bc5 {[#]} 37. R1g2 Bd6 (37... h5 $142) 38. Kb3 (38. Rxg7 $18 Nxg7 39. Rxg7) 38... Rbc8 (38... Rd7 $16 39. Bc6 h5) 39. Bb7 (39. Rxg7 $18 {is more deadly.} Nxg7 40. Rxg7) 39... Rb8 40. Bd5 (40. Bc6 $16) 40... Rdc8 $2 {White stays focused until the end.} (40... Rbc8 $11 {and Black stays safe.}) 41. Be1 Kf8 42. Bc6 (42. Bd2 $18) 42... Be7 (42... Rd8 $16) 43. Bxe8 $18 Rxe8 44. Rxg7 {[%csl Gg2][%cal Rg7g8]} Bf6 (44... Bg5 $142) 45. Rg8+ Ke7 46. Rxe8+ Rxe8 {[%mdl 4096] Endgame [#] KRB-KRB} 47. c5 $1 Bg5 (47... Rd8 $142 48. cxb6 cxb6) 48. cxb6 cxb6 49. Bf2 Rb8 50. Bg1 Rd8 $2 (50... Rb7 {was called for.} 51. Rc2 Kd7) 51. Bxb6 {[%mdl 64] Double Attack. White is clearly winning.} Rd3+ 52. Kc4 Rd1 53. Bxa5 Rd4+ 54. Kb3 Rxe4 55. Rc2 Re3+ 56. Rc3 {Weighted Error Value: White=0.17/Black=0.37} 1-0

[Event "74th RUS-ch Superfinal 2021"]
[Site "Ufa"]
[Date "2021.10.19"]
[Round "10.2"]
[White "Andreikin, Dmitry"]
[Black "Fedoseev, Vladimir"]
[Result "1/2-1/2"]
[WhiteElo "2728"]
[BlackElo "2704"]
[Annotator "TA"]
[PlyCount "110"]
[EventDate "2021.10.09"]
[EventType "tourn"]
[EventCountry "RUS"]
[SourceTitle "playchess.com"]
[Source "ChessBase"]
[SourceQuality "1"]

{[%evp 25,110,8,7,0,2,0,0,0,9,0,0,-21,0,0,0,0,0,-18,-30,-33,-38,-36,-37,-41,-39,-46,-59,-91,-98,-91,-70,-64,-61,-104,-104,-112,-112,-103,-110,-100,-107,-155,-155,-151,-151,-177,-123,-148,-148,-204,-97,-117,-117,-125,-125,-125,-117,-117,-117,-117,-117,-117,-117,-117,-117,-117,-117,-117,-117,-117,-16,-117,-117,-117,-16,-21,0,-117,0,-117,-16,-16,-16,-16,-16,-16,-16]} 1. d4 Nf6 2. c4 g6 3. Nc3 d5 4. Nf3 Bg7 5. Bg5 Ne4 6. Bf4 Nxc3 7. bxc3 c5 8. cxd5 Qxd5 9. e3 cxd4 10. cxd4 Nc6 11. Be2 Qa5+ 12. Qd2 Qxd2+ 13. Kxd2 O-O 14. Rhc1 {D80: Grünfeld: Unusual White 4th moves and 4 Bg5.} Rd8 15. Rc5 Be6 {[#]} 16. Rb1 $146 ({Predecessor:} 16. a4 Bd5 17. Ke1 e6 18. Rcc1 Rdc8 19. Bd6 Na5 20. Bb5 Nb3 21. Rxc8+ Rxc8 22. Rb1 {½-½ (72) Dreev,A (2649)-Artemiev,V (2662) Moscow 2014}) 16... Rd7 17. Rcb5 Bd5 18. Ke1 e6 19. a4 (19. Rxb7 Rxb7 20. Rxb7 Nxd4 $1 $17) 19... a6 20. Rb6 Rc8 {[%cal Ba8c8,Bc8c2,Bc2a2][%mdl 32]} 21. Kf1 ({Of course not} 21. Rxb7 Rxb7 22. Rxb7 Nxd4 $1 $17) 21... Na5 22. Ne5 Rdd8 23. Rd1 Rc2 24. Rbb1 Rdc8 25. Nd3 Bf8 26. Nb4 Bxb4 27. Rxb4 Ra2 28. Bf3 $1 Bb3 29. Bxb7 {Threatens to win with Rxb3.} Rc4 $40 {[%mdl 128] Black attacks with force.} 30. Rxb3 Nxb3 31. Bxa6 Rcc2 32. Bg3 Rxa4 33. Bb7 Ra7 34. Bf3 Nd2+ 35. Ke1 Raa2 (35... Nxf3+ $19 36. gxf3 Rca2) 36. h4 f5 37. d5 (37. Be2 $17 {is a better defense.}) 37... Kf7 (37... f4 $19 {and Black stays clearly on top.} 38. exf4 Nxf3+ 39. gxf3 exd5 40. Rxd5 Ra1+ 41. Rd1 Rxd1+ 42. Kxd1 Rb2) 38. dxe6+ Kxe6 39. Be2 Ne4 40. Bd3 Nxg3 41. Bxc2 Rxc2 {[%csl Gg3][%cal Rc2e2]} 42. fxg3 Rxg2 $17 {[%mdl 4096] Endgame KR-KR} 43. Rd8 h5 44. Rd1 Ke5 45. Kf1 Rxg3 46. Kf2 Rg4 47. Rh1 Ke4 (47... Rc4 $17 {Strongly threatening ...Ke4.} 48. Kf3 Rg4) 48. Rh2 (48. Ra1 $11 {remains equal.}) 48... Kd3 49. Rh1 {[#]} Kd2 ({Better is} 49... Kc4 $1 $17 {Black wants to play ...Kd5.} 50. Ra1 Kb5) 50. Rh3 $1 $11 Kd3 ({Black should try} 50... Re4 $11) 51. Rh1 $17 Ke4 52. Rh2 {[#]} f4 (52... Kd5 $1 $17 53. Rh1 Ke6) 53. exf4 $11 {The position is equal.} Rxf4+ 54. Kg2 $1 Rg4+ 55. Kh3 Ke5 {White happily takes the draw.  Weighted Error Value: White=0.10/Black=0.23} 1/2-1/2

[Event "74th RUS-ch Superfinal 2021"]
[Site "Ufa"]
[Date "2021.10.19"]
[Round "10.3"]
[White "Ponkratov, Pavel"]
[Black "Predke, Alexandr"]
[Result "0-1"]
[WhiteElo "2659"]
[BlackElo "2666"]
[Annotator "TA"]
[PlyCount "128"]
[EventDate "2021.10.09"]
[EventType "tourn"]
[EventCountry "RUS"]
[SourceTitle "playchess.com"]
[Source "ChessBase"]
[SourceQuality "1"]

{[%evp 9,128,7,11,5,14,22,25,5,9,0,9,8,24,22,20,25,24,19,16,10,16,0,7,0,17,0,0,5,14,0,0,0,0,0,0,0,11,10,4,0,0,0,6,6,51,40,41,19,20,6,42,37,49,42,51,37,37,37,42,26,29,17,27,0,0,0,0,0,0,0,0,0,0,0,0,0,0,0,0,0,0,-7,-9,-10,-27,-37,-43,-51,-46,-46,-48,-51,-49,-77,-54,-49,-26,-33,-25,-409,-409,-417,-415,-410,-413,-472,-467,-2146,-1264,-1137,-910,-1172,-1249,-1191,-1085,-2914,-2095,-12842,-12103,-892,-752]} 1. Nf3 d5 2. g3 b6 3. Bg2 Bb7 4. O-O e6 5. d4 Nd7 6. Bf4 {A07: Réti Opening: New York and Capablanca Systems.} Bd6 {[#]} 7. Bxd6 $146 ({Predecessor:} 7. Qd2 Bxf4 8. Qxf4 Ngf6 9. Nc3 a6 10. g4 Nf8 11. Ne5 Ng6 12. Nxg6 hxg6 13. e4 dxe4 14. Nxe4 Nxe4 15. Bxe4 Bxe4 16. Qxe4 {0-1 (30) Dapkuviene,L (1743)-Janulaitis,A (1725) Panevezys 2016}) 7... cxd6 8. a4 {White has an edge.} a6 9. Qd3 Ngf6 10. Qa3 Qb8 11. Nbd2 O-O 12. Rfc1 Rc8 13. c4 dxc4 14. Nxc4 Ne8 15. Qd3 Nef6 16. Qa3 Ne8 17. Qb4 a5 18. Qb3 Ra7 19. Rc3 Bxf3 20. Bxf3 d5 21. Nd2 Rac7 22. e3 Qb7 23. Rac1 Nd6 24. Qa3 Rxc3 25. bxc3 Qc7 26. Be2 e5 27. Ba6 Ra8 28. Bd3 Rc8 29. Rc2 Qb8 30. Ba6 Rc6 31. Qb3 exd4 32. cxd4 Qc7 33. Bd3 Rxc2 34. Bxc2 Qc6 35. Kg2 g6 36. Nb1 b5 37. axb5 Nxb5 38. Bd3 Nd6 39. Nc3 Nc4 40. e4 Nd2 41. Nxd5 Nxb3 42. Ne7+ {[%mdl 64] [#] Double Attack} Kf8 43. Nxc6 $11 {[%mdl 4096] Endgame KBN-KNN} a4 {[%cal Ba5a4,Ba4a3,Ba3a2][%mdl 32]} 44. Bc2 Nb6 $1 45. f4 Nc1 46. Nb4 a3 47. Bb1 Na4 48. Ba2 Nc3 $1 {[%csl LRa2,LRe4]} 49. Bc4 Nxe4 50. Nc2 $1 a2 {aiming for ...Nd6.} 51. Na1 $1 Ke7 52. Bd5 $1 {[%cal Rd5e4]} Nc3 53. Bc4 N1e2 54. d5 $2 {[%mdl 8192] This move loses the game for White.} (54. Kf2 $11 {and White has nothing to worry.} Nxd4 55. Ke3) 54... Kd6 $19 55. Kf3 Nd4+ 56. Ke3 Kc5 57. Kd3 Nxd5 {Black is clearly winning.} 58. Bxa2 (58. f5 $142 gxf5 59. Bxd5 Kxd5 60. Kc3) 58... Nb4+ {[%mdl 64] [#] Double Attack} 59. Ke4 Nxa2 60. Ke5 f5 61. Kf6 Kd5 62. Kg7 Ke6 63. Kxh7 Kf6 64. Kh6 Nc3 {Weighted Error Value: White=0.52/Black=0.09} 0-1

[Event "74th RUS-ch Superfinal 2021"]
[Site "Ufa"]
[Date "2021.10.19"]
[Round "10.4"]
[White "Motylev, Alexander"]
[Black "Chigaev, Maksim"]
[Result "1-0"]
[WhiteElo "2624"]
[BlackElo "2639"]
[Annotator "TA"]
[PlyCount "143"]
[EventDate "2021.10.09"]
[EventType "tourn"]
[EventCountry "RUS"]
[SourceTitle "playchess.com"]
[Source "ChessBase"]
[SourceQuality "1"]

{[%evp 25,143,32,22,18,29,29,30,30,27,20,28,28,30,28,30,23,57,50,44,43,35,23,20,20,51,45,58,41,64,58,65,77,152,162,203,196,202,208,271,256,280,275,256,245,292,309,287,100,332,312,271,184,279,81,89,0,231,224,220,152,152,152,181,191,190,190,154,157,187,157,204,203,210,209,276,275,331,504,576,575,557,573,569,564,514,546,513,434,551,534,548,548,507,489,629,620,598,585,693,453,551,533,475,492,702,687,678,600,500,416,1058,752,5608,5389,29977,29978,29978,29979,29984,29985]} 1. e4 c5 2. Nf3 d6 3. Bb5+ Bd7 4. Bxd7+ Qxd7 5. O-O Nc6 6. c3 Nf6 7. Qe2 e6 8. d4 cxd4 9. cxd4 d5 10. e5 Ne4 11. Be3 Be7 12. Ne1 f6 13. f3 Ng5 14. Nd3 {B52: Sicilian: Moscow Variation with 3...Bd7.} fxe5 15. dxe5 O-O 16. Nd2 {White has an edge.} Nf7 17. f4 b6 {[#]} 18. h3 $146 ({Predecessor:} 18. Nf3 Nh6 19. Kh1 Rac8 20. Rac1 Rc7 21. Nd4 Nxd4 22. Bxd4 Rc4 23. Bf2 Rfc8 24. b3 Rxc1 25. Rxc1 Rxc1+ 26. Nxc1 {1-0 (50) Zawadzka,J (2400)-Bodnaruk,A (2413) Wroclaw 2019}) 18... Rac8 19. Nf3 Nfd8 20. Qd2 d4 21. Bf2 a5 22. a3 a4 23. Qd1 b5 24. Rb1 Na5 25. Nxd4 Rc4 26. Nb4 Bxb4 27. axb4 Rxb4 28. f5 $1 $36 {[%mdl 2048] Hoping for Nxe6. Black is under strong pressure.} exf5 (28... Rc4 $142) 29. e6 $1 $16 {[%cal Re6d7]} Qe7 30. Be1 $1 {[%cal Re1b4]} Rxd4 31. Qxd4 Nac6 32. Qd5 Qxe6 33. Qxb5 Nd4 34. Qxa4 Qe4 {[#]} 35. Ra1 $1 N8e6 36. Kh2 $2 (36. Kh1 $18) 36... f4 $2 (36... Nf4 $16 37. Rf2 Nd3) 37. Bf2 f3 38. g3 h5 (38... Qe2 $142) 39. Rfe1 $2 (39. Bxd4 $18 {has better winning chances.} Qxd4 40. Qxd4 Nxd4 41. Ra4) 39... Qc2 40. Rf1 ({Better is} 40. Qxc2 $16 {White wants to mate with Bxd4.} Nxc2 41. Rxe6 Nxa1 42. b4) 40... Qxb2 (40... Qe4 $1 $11 {and Black has nothing to worry.}) 41. Ra2 $18 Qc3 42. Qa5 Qd3 {[#]} 43. Qa6 $1 {[%cal Ra6d3]} Qxa6 44. Rxa6 {Black must now prevent Rd6.} Rc8 45. Rfa1 Kf7 46. Ra8 Rc6 47. R8a7+ Kg8 48. R1a2 Kh7 49. R7a3 g5 50. Ra6 g4 51. hxg4 (51. R6a4 $142) 51... hxg4 52. Rxc6 Nxc6 {[%mdl 4096] Endgame KRB-KNN} 53. Ra4 Kg6 54. Rxg4+ Kf5 55. Ra4 Ne5 56. Kg1 Ng4 57. Bb6 Ne5 58. Kf2 Ng5 59. Rf4+ Kg6 60. Ke3 Nh3 61. Rh4 Ng5 62. Bd4 Nc4+ 63. Kd3 Nd6 {If only Black now had time for ...Nf5....} 64. Be3 Ngf7 (64... Ne6 $142 65. Rh6+ Kf7) 65. Bf4 Nf5 66. Rh1 Ng5 67. Rh2 Nh6 (67... Kf6 $142 68. g4 Ne6 69. gxf5 Nxf4+ 70. Ke4 {[%mdl 64] Double Attack} Kg5) 68. Ra2 Nf5 69. g4 f2 70. gxf5+ {White mates.} Kxf5 71. Rxf2 Nh3 72. Rf1 {Weighted Error Value: White=0.17/Black=0.32} 1-0

[Event "74th RUS-ch Superfinal 2021"]
[Site "Ufa"]
[Date "2021.10.19"]
[Round "10.5"]
[White "Alekseenko, Kirill"]
[Black "Rakhmanov, Aleksandr"]
[Result "1/2-1/2"]
[WhiteElo "2710"]
[BlackElo "2657"]
[Annotator "TA"]
[PlyCount "119"]
[EventDate "2021.10.09"]
[EventType "tourn"]
[EventCountry "RUS"]
[SourceTitle "playchess.com"]
[Source "ChessBase"]
[SourceQuality "1"]

{[%evp 13,119,34,46,44,36,27,52,42,39,35,44,39,52,41,44,41,34,34,35,22,19,0,0,0,0,0,19,20,22,0,22,26,22,22,22,23,27,27,27,39,31,29,33,33,18,29,35,31,31,27,54,44,52,58,60,64,59,50,94,83,101,83,116,29,31,29,29,0,0,0,0,0,0,0,0,0,0,0,0,0,0,0,1810,623,599,608,616,546,597,586,540,494,790,758,655,16,575,0,0,-469,0,0,0,0,0,0,0,0]} 1. e4 e5 2. Nf3 Nf6 3. Nxe5 d6 4. Nf3 Nxe4 5. Nc3 Nf6 6. d4 Be7 7. Bd3 O-O 8. O-O {C42: Petroff Defence: 3 Nxe5 and unusual White 3rd moves.} Re8 $1 {[%mdl 4] outshines the older 8...Bg4.} 9. Re1 h6 10. h3 {[#] White is slightly better.} a6 $146 ({Predecessor:} 10... Bf8 11. Rxe8 Qxe8 12. Bf4 Be6 13. Qd2 Qd7 14. Ne4 Nxe4 15. Bxe4 d5 16. Bd3 Nc6 {½-½ (30) Esipenko,A (2636)-Rakhmanov,A (2638) Budva 2019}) 11. Ne2 Nc6 {[%cal Bb8c6,Bc6e7,Be7d5][%mdl 32]} 12. Ng3 b5 13. a4 Rb8 14. axb5 axb5 15. c3 Bf8 16. Be3 Ne7 17. Qc2 Ned5 18. Bd2 Rxe1+ 19. Rxe1 Bd7 20. b3 {[%cal Bb2b3,Bb3c4][%mdl 32]} Qc8 21. Bf1 Qa6 22. c4 bxc4 23. bxc4 Nb4 24. Qc3 c5 25. Ra1 Qb6 26. d5 Ne8 27. Qc1 Qd8 $1 28. Be2 Ra8 29. Rb1 Nc7 30. Kh2 Ra2 31. Bc3 Rc2 32. Qe1 Qe8 33. Bxb4 cxb4 34. Nd4 Ra2 35. Qxb4 Ra4 36. Qb6 Na6 37. Nb5 Qe5 38. Rb3 ({White should play} 38. Qd8 $1 $16 {[%cal Rd8d7]} Qe7 39. Qxe7 Bxe7 40. Nc3) 38... Nc5 $11 39. Re3 Qf4 40. Qd8 (40. Rf3 $5 {[%cal Rf3f4]} Qc1 41. Nd4 $14) 40... g6 (40... Qxf2 $6 41. Rf3 $16) (40... Ra1 $5 41. Rf3 $8 Qe5 $11) 41. Nc3 Ra1 42. Rf3 Qc1 {[%csl Ga1][%cal Rc1g1]} 43. Bd1 {Black must now prevent Nge4.} Qg5 44. Qc7 Qe5 45. Na4 {Hoping for Nxc5.} Rxd1 46. Nxc5 {[%mdl 64] Pin} Qe1 {[%csl Gd1][%cal Re1g1]} 47. Nge4 Qh1+ $2 {[%mdl 8192]} (47... dxc5 48. Qxd7 Bg7 49. Qxf7+ Kh8 50. Nf6 $18) (47... Bf5 $11 48. Nf6+ Kg7 49. Ne6+ Bxe6 50. dxe6 Qe5+ 51. g3 Qxe6) 48. Kg3 $18 Rg1 {( -> ...g5)} 49. Nxd7 {Ndf6+ would kill now.} Qxg2+ 50. Kf4 {Strongly threatening Rg3!} g5+ 51. Ke3 $1 {Intending Nef6+ and mate.} Re1+ 52. Kd2 {Threatening mate with Nef6+.} Qh1 (52... Rd1+ $142 53. Kxd1 Qxf3+ 54. Kc1 (54. Kd2 Qf4+ 55. Kd1 Be7 $18) 54... Be7 55. Qc8+ Kh7) 53. Ndf6+ Kh8 {[#]} 54. Re3 $2 (54. Qxf7 Rd1+ 55. Kc2 Rc1+ 56. Kb3 (56. Kb2 Rb1+ 57. Ka2 Ra1+ 58. Kb3 Qb1+ 59. Kc3 Ra3+ 60. Kd4 Qd1+ {[%mdl 64] Double Attack} 61. Nd2 Qa1+ 62. Rc3 Qxc3+ {[%mdl 64] Double Attack} 63. Ke4 Qe5#) 56... Qd1+ 57. Kb4 Rb1+ 58. Ka5 Ra1+ 59. Kb6 Qd4+ 60. Kc6 (60. c5 $2 Qb2+ 61. Kc6 Ra6+ 62. Kd7 Ra7+ {[%mdl 64] Skewer} 63. Kc6 Rxf7 $19) 60... Ra6+ 61. Kd7 Ra7+ 62. Ke8 Ra8+ 63. Kd7 Ra7+ 64. Ke8 Ra8+ 65. Kd7 Ra7+ $11) (54. Qc8 $1 $18 {[%cal Rc8f8][%mdl 512]} Rd1+ 55. Kc2 Rc1+ 56. Kb3 (56. Kb2 Rb1+ 57. Ka2 Ra1+ 58. Kb3 Qb1+ 59. Kc3 Ra3+ 60. Kd4 Qd1+ {[%mdl 64] Double Attack} 61. Nd2 Qa1+ 62. Rc3 Qxc3+ {[%mdl 64] Double Attack} 63. Ke4 Qe5#) 56... Rb1+ 57. Ka4 Qd1+ 58. Ka5 Ra1+ 59. Kb6 Qd4+ 60. c5 Qb4+ 61. Kc6 Qa4+ 62. Kc7 Qa7+ 63. Qb7 dxc5 64. d6) 54... Ra1 $2 {[%mdl 8192]} (54... Rb1 $11 55. Nc3 Rb2+ 56. Kd3 Qf1+ {[%mdl 64] Double Attack} 57. Re2 Rxe2 58. Nxe2 Qd1+ 59. Ke3 Qb3+ 60. Ke4 Qc2+ 61. Kf3 (61. Ke3 Qb3+ 62. Ke4 Qc2+ 63. Kf3 Qf5+ {[%mdl 64] Double Attack} 64. Kg2 Qxf6 $11) 61... Qf5+ {[%mdl 64] Double Attack} 62. Kg2 Qxf6) 55. Kc3 $2 (55. Qxf7 Qd1+ 56. Kc3 Ra3+ 57. Kb2 Qa1+ 58. Kc2 Ra2+ 59. Kd3 Qd1+ 60. Nd2 Rxd2+ {[%mdl 64] Double Attack} 61. Kc3 Rc2+ 62. Kb3 Rc1+ 63. Ka3 Ra1+ 64. Kb2 Rb1+ 65. Ka3 Qc1+ {[%mdl 64] Double Attack} 66. Ka4 Qxc4+ 67. Ka5 Qb5#) (55. Nc3 $18 Qc1+ 56. Kd3) 55... Qd1 $1 $11 {aiming for ...Rc1+.} 56. Qc6 $2 {[%mdl 8192] [#]} (56. Qxf7 Ra3+ 57. Kb2 Qa1+ 58. Kc2 Ra2+ 59. Kd3 Qd1+ 60. Kc3 Rc2+ 61. Kb3 Qb1+ 62. Ka4 Rxc4+ 63. Ka5 Qa1+ 64. Kb6 Rb4+ 65. Kc6 Qa4+ 66. Kc7 Qa7+ 67. Kd8 Rb8#) (56. Nxd6 $11 {and White has nothing to worry.} Qc1+ 57. Kd3 Qb1+ 58. Kd4 (58. Kc3 Qc1+ 59. Kd4 Qb2+ 60. Ke4 Qc2+ 61. Kf3 Qd1+ 62. Kg3 Qg1+ 63. Kf3 Qd1+ 64. Re2 Qh1+ {[%mdl 64] Double Attack} 65. Ke3 Ra3+ 66. Kd2 Ra2+ 67. Ke3 Ra3+ 68. Kd2 Ra2+ 69. Ke3 Qc1+ 70. Kf3 Qh1+ {[%mdl 64] Double Attack} 71. Kg3 Qg1+ 72. Kf3 Qh1+ {[%mdl 64] Double Attack} 73. Kg3 Qg1+ 74. Kf3 Qh1+ $11 {[%mdl 64] Double Attack}) 58... Qb2+ 59. Ke4 Qc2+ 60. Kf3 Qd1+ 61. Re2 (61. Ke4 Qc2+ 62. Kf3 Qd1+ 63. Ke4 Qc2+ $11) 61... Qh1+ {[%mdl 64] Double Attack} 62. Ke3 Ra3+ 63. Kd2 Ra2+ 64. Ke3 Ra3+ 65. Kd2 Ra2+ 66. Ke3 Qc1+ 67. Kf3 Qh1+ {[%mdl 64] Double Attack} 68. Kg3 (68. Ke3 Qc1+ 69. Kf3 Qh1+ {[%mdl 64] Double Attack} 70. Kg3 Qg1+ 71. Kf3 Qh1+ $11 {[%mdl 64] Double Attack}) 68... Qg1+ 69. Kf3 Qh1+ {[%mdl 64] Double Attack} 70. Kg3 (70. Ke3 Qc1+ 71. Kf3 Qh1+ $11 {[%mdl 64] Double Attack}) 70... Qg1+ 71. Kf3 Qh1+ {[%mdl 64] Double Attack}) 56... Rb1 $2 (56... Rc1+ $1 $19 57. Kb4 Rb1+ 58. Ka5 Qd4) 57. Nd2 $1 {[%cal Rd2b1] The position is equal.} (57. c5 {gets mated.} Qb3+ 58. Kd2 Qb2+ 59. Kd3 Rd1+ 60. Nd2 Rxd2+ {[%mdl 64] Double Attack} 61. Ke4 Qxf6 62. cxd6 Qf4#) 57... Rc1+ 58. Kd3 Qc2+ 59. Ke2 Qd1+ 60. Kd3 {White used his chance.  Weighted Error Value: White=0.17/Black=0.17} 1/2-1/2

[Event "74th RUS-ch Superfinal 2021"]
[Site "Ufa"]
[Date "2021.10.19"]
[Round "10.6"]
[White "Vitiugov, Nikita"]
[Black "Esipenko, Andrey"]
[Result "1/2-1/2"]
[WhiteElo "2727"]
[BlackElo "2720"]
[Annotator "TA"]
[PlyCount "83"]
[EventDate "2021.10.09"]
[EventType "tourn"]
[EventCountry "RUS"]
[SourceTitle "playchess.com"]
[Source "ChessBase"]
[SourceQuality "1"]

{[%evp 22,83,20,15,12,0,0,0,11,14,46,55,31,58,50,37,29,-10,0,-10,-13,-41,-48,-37,-27,-41,-25,-31,-38,-45,-43,-51,-66,-52,-50,-77,56,0,0,15,91,95,110,116,118,114,175,101,120,58,121,29,29,34,81,29,31,20,24,24,29,20,27,20]} 1. d4 Nf6 2. c4 e6 3. Nf3 d5 4. g3 Be7 5. Bg2 O-O 6. O-O c6 7. Qc2 b6 8. b3 Nbd7 9. Rd1 Ba6 10. Nbd2 c5 11. Bb2 Rc8 12. Rac1 b5 {E09: Closed Catalan: Main Line: 7 Qc2 c6 8 Nbd2.} 13. Qb1 bxc4 14. bxc4 cxd4 {The position is equal.} 15. Nxd4 e5 16. Nf5 d4 17. e3 dxe3 18. Nxe3 (18. Nxe7+ Qxe7 19. fxe3 Rfd8 $11) 18... Bc5 {[#]} 19. Re1 $146 ({Predecessor:} 19. Qd3 Qb6 20. Ba1 Rfd8 21. Rb1 Qe6 22. Ne4 Nxe4 23. Bxe4 Bxe3 24. Qxe3 Bxc4 25. Bb7 {½-½ (34) Jimenez,J (2272)-Zuluaga,C (2294) La Dorada 2016}) 19... Qb6 20. h3 Rfe8 21. Nb3 Bxe3 22. Rxe3 Bxc4 23. Rec3 Qe6 24. Ba3 e4 25. Nd4 Qd5 26. Qb4 {[%cal Rc3c4]} Nb6 27. Nb3 {[%cal Bd4b3,Bb3a5,Ba5c4][%mdl 32]} h5 28. Na5 {[%cal Ra5c4]} Qd4 29. Rxc4 (29. Bb2 $5 {[%cal Rc3c4]} Nfd5 30. Rxc4 Qxc4 31. Qxc4 (31. Rxc4 Nxb4 32. Rxb4 Rc2 $14) 31... Nxc4 32. Rxc4 $16 (32. Nxc4 Nb4 $14)) 29... Nxc4 30. Rxc4 Rxc4 (30... Qa1+ $11 {remains equal.} 31. Kh2 Qxa2) 31. Nxc4 $16 (31. Qxc4 Qd1+ 32. Kh2 Qe1 $15) 31... Nd5 {[#]} 32. Qb5 {[%cal Rb5e8]} Rd8 33. Bb2 Qd1+ (33... Nc3 $16 {was called for.} 34. Qb3 (34. Qxh5 Qxc4 35. Qe5 Rc8 $17) 34... Qd1+ 35. Kh2 Qxb3 36. axb3 Nd1) 34. Bf1 (34. Kh2 $18 {aiming for Qa5!} h4 35. Qa5 (35. Bxe4 $2 Qe2 $19) (35. gxh4 Qe1 $18) 35... hxg3+ 36. fxg3) 34... h4 35. Qb3 (35. Qa5 $16 Re8 36. Qb5 (36. gxh4 Re6 $16) (36. Qxa7 hxg3 37. fxg3 e3 $11)) 35... Qe1 (35... Qxb3 $14 36. axb3 hxg3) 36. gxh4 (36. Be5 $16) 36... e3 $11 37. Nxe3 Nf4 38. Qc2 (38. Be5 $16 Nxh3+ 39. Kg2 Nxf2 40. Bg3) 38... Nxh3+ 39. Kg2 Nxf2 40. Qc3 ({Wrong is} 40. Qxf2 $2 Rd2 $19) 40... Qxc3 41. Bxc3 Ne4 42. Bb4 {Weighted Error Value: White=0.24/Black=0.20} 1/2-1/2